Vývoj inflácie v podmienkach samostatnej SR a jej vplyv na ekonomiku krajiny bakalárska práca

Enregistré dans:
Détails bibliographiques
Auteur principal: Lavrinčíková, Michaela
Collectivité auteur: Národohospodárska fakulta EU. Katedra financií
Autres auteurs: Gonda, Vladimír
Format: Livre
Langue:slovaque
Publié: Bratislava 2014
Tags: Ajouter un tag
Pas de tags, Soyez le premier à ajouter un tag!

MARC

LEADER 00000nbm a2200000 4500
001 0189340
005 20170201085307.6
041 0 |a slo 
044 |a SK 
245 1 0 |a Vývoj inflácie v podmienkach samostatnej SR a jej vplyv na ekonomiku krajiny  |b bakalárska práca  |c Michaela Lavrinčíková ; školiteľ: Vladimír Gonda 
264 1 |a Bratislava  |c 2014 
300 |a 46 s. 
100 1 |a Lavrinčíková, Michaela 
700 1 |a Gonda, Vladimír 
710 2 |a Národohospodárska fakulta EU. Katedra financií